Marketing Scramble/Definitions Quiz Stats

 Plays Quiz not verified by Sporcle

Challenge
Share
Tweet
Embed
Score 0/20 Timer 10:00
0 Plays Today
Hint Term % Correct
krtaeingm ???
93.8%
kmeatr ???
93.8%
udoptrc ???
93.8%
brtagiern ???
68.8%
tcriunoopd ???
68.8%
elfs uficeinstf???
62.5%
tunidsbiriot ???
62.5%
ngetemaman ???
56.3%
ntergiakrm ixm???
56.3%
rceip???
56.3%
Hint Term % Correct
neoym tsymes???
50%
trnosepiao ???
50%
ooptoimrn ???
50%
retngkiarm onpetcc???
43.8%
dcrhgmisninae ???
37.5%
pleeoyme prewoentmme???
37.5%
netalrc krteam???
31.3%
cautngiuoc nda ifancne???
31.3%
tinoshpieral ntergiakrm???
31.3%
pcaiainotzliep fo baorl???
0%

You're not logged in!

Compare scores with friends on all Sporcle quizzes.
Join for Free
OR
Log In

You Might Also Like...

Show Comments

Extras

Created May 5, 2011ReportNominate
Tags:marketing, term

Top Quizzes Today


Score Distribution

Your Account Isn't Verified!

In order to create a playlist on Sporcle, you need to verify the email address you used during registration. Go to your Sporcle Settings to finish the process.

Report this User

Report this user for behavior that violates our Community Guidelines.

Details: